[Event "FRA-chT2 0910"]
[Site "France"]
[Date "2009.11.22"]
[Round "4.6"]
[White "Simon, Leopold"]
[Black "Foussard, Gervais"]
[Result "1-0"]
[WhiteElo "2096"]
[BlackElo "1917"]
[PlyCount "63"]
[EventDate "2009.09.27"]
[EventType "team-tourn"]
[EventRounds "11"]
[EventCountry "FRA"]
[SourceTitle "EXT 2011"]
[Source "ChessBase"]
[SourceDate "2010.11.26"]
[SourceVersion "1"]
[SourceVersionDate "2010.11.26"]
[SourceQuality "1"]

1. d4 Nf6 2. c4 e6 3. Nc3 Bb4 4. Bd2 0-0 5. Nf3 d5 6. e3 Nbd7 7. Be2 b6 8. cxd5 exd5 9. 0-0 c5 10. dxc5 Bxc5 11. Nb5 Ne4 12. Nbd4 Ndf6 13. Rc1 Bg4 14. Bc3 a6 15. Nb3 Nxc3 16. Rxc3 Qe7 17. h3 Bd7 18. Nfd4 Rfd8 19. Bf3 a5 20. Qd3 Ne4 21. Rc2 Qe5 22. Nxc5 bxc5 23. Ne2 Bf5 24. Qd1 Ng5 25. Rxc5 Nxf3+ 26. gxf3 Bxh3 27. Re1 Rd6 28. Ng3 Rad8 29. Qd4 Qe7 30. Rd1 h5 31. Kh2 Bc8 32. Rg1 1-0

[Event "FRA-chT2 0910"]
[Site "France"]
[Date "2009.10.17"]
[Round "2.4"]
[White "Amoyal, Pierre"]
[Black "Simon, Leopold"]
[Result "1-0"]
[WhiteElo "2202"]
[BlackElo "2109"]
[PlyCount "93"]
[EventDate "2009.09.27"]
[EventType "team-tourn"]
[EventRounds "11"]
[EventCountry "FRA"]
[SourceTitle "EXT 2011"]
[Source "ChessBase"]
[SourceDate "2010.11.26"]
[SourceVersion "1"]
[SourceVersionDate "2010.11.26"]
[SourceQuality "1"]

1. d4 e6 2. c4 d5 3. Nc3 Nf6 4. Nf3 Nbd7 5. Bf4 c6 6. Qb3 dxc4 7. Qxc4 Nd5 8. Bd2 N7f6 9. e3 Nxc3 10. bxc3 Ne4 11. Bd3 Qd5 12. 0-0 Qxc4 13. Bxc4 Bd6 14. a4 0-0 15. Rfb1 Nxd2 16. Nxd2 b6 17. Be2 Bd7 18. a5 Bc7 19. Bf3 Rfd8 20. g3 Be8 21. Bg2 Rab8 22. axb6 axb6 23. Ra7 Rdc8 24. f4 Kf8 25. Nc4 b5 26. Ne5 Bxe5 27. fxe5 Ra8 28. Rxa8 Rxa8 29. Be4 Ra2 30. Bd3 Rd2 31. Bf1 Rc2 32. Rb3 f6 33. exf6 gxf6 34. Bd3 Rc1+ 35. Kf2 Bg6 36. e4 Ke7 37. Ke3 Re1+ 38. Kf3 Rd1 39. Be2 Bh5+ 40. g4 Bxg4+ 41. Kxg4 Rg1+ 42. Kf3 Rc1 43. h4 Rg1 44. h5 Kd6 45. Ra3 Rg5 46. Ke3 Rg7 47. Ra8 1-0

[Event "FRA-chT2 East 0708"]
[Site "France"]
[Date "2008.04.06"]
[Round "11.6"]
[White "Forgues, Fabien"]
[Black "Simon, Leopold"]
[Result "1/2-1/2"]
[WhiteElo "2162"]
[BlackElo "2134"]
[PlyCount "35"]
[EventDate "2007.10.21"]
[EventType "team"]
[EventRounds "11"]
[EventCountry "FRA"]
[SourceTitle "EXT 2009"]
[Source "ChessBase"]
[SourceDate "2008.11.26"]
[SourceVersion "1"]
[SourceVersionDate "2008.11.26"]
[SourceQuality "1"]
[WhiteTeam "Grenoble"]
[BlackTeam "Epinal"]
[WhiteTeamCountry "FRA"]
[BlackTeamCountry "FRA"]

1. e4 e6 2. d4 d5 3. Nc3 dxe4 4. Nxe4 Nd7 5. Bd3 Ngf6 6. Qe2 Be7 7. Nf3 0-0 8. Bd2 b6 9. 0-0 Bb7 10. Ng3 c5 11. c3 Qc7 12. Rad1 Rfd8 13. Ng5 Nf8 14. Bc1 cxd4 15. cxd4 Ng6 16. f4 Bd6 17. Nh3 Re8 18. Nh1 1/2-1/2

[Event "FRA-chT1B 0607"]
[Site "France"]
[Date "2006.11.25"]
[Round "2.7"]
[White "Simon, Leopold"]
[Black "Eustache, Boris"]
[Result "1-0"]
[WhiteElo "2133"]
[BlackElo "2147"]
[PlyCount "111"]
[EventDate "2006.10.15"]
[EventType "team"]
[EventRounds "11"]
[EventCountry "FRA"]
[SourceTitle "EXT 2008"]
[Source "ChessBase"]
[SourceDate "2007.11.25"]
[SourceVersion "1"]
[SourceVersionDate "2007.11.25"]
[SourceQuality "1"]
[WhiteTeam "Epinal"]
[BlackTeam "Paris Chess Club II"]
[WhiteTeamCountry "FRA"]
[BlackTeamCountry "FRA"]

1. d4 e6 2. Nf3 Nf6 3. g3 Be7 4. Bg2 0-0 5. 0-0 d5 6. Nbd2 c5 7. c3 Nc6 8. Re1 cxd4 9. cxd4 Qb6 10. e3 Rd8 11. a3 Bd7 12. Qb3 Qxb3 13. Nxb3 a5 14. Bd2 Ne4 15. Nc1 e5 16. Ne2 Bg4 17. Bc3 Nxc3 18. Nxc3 e4 19. Nd2 Be6 20. Bf1 f5 21. Rac1 Bf7 22. Nb3 a4 23. Nd2 Ra5 24. Bb5 Rda8 25. Be2 Na7 26. Ndb1 Be8 27. Rc2 Bd6 28. Rec1 Bd7 29. Nxd5 Rxd5 30. Bc4 Be6 31. Nc3 Ra5 32. Bxe6+ Kf8 33. Bd7 Nc6 34. Be6 Rb8 35. Na2 Ke7 36. Bc4 b5 37. Bd5 Nd8 38. Nb4 Ra7 39. Rc8 Rxc8 40. Rxc8 Bxb4 41. axb4 Kd7 42. Rc5 Rc7 43. Rxb5 Rc2 44. Ra5 Rxb2 45. Rxa4 Kd6 46. Bg8 Nc6 47. Ra6 Kc7 48. Bxh7 Nxb4 49. Ra5 Nd3 50. Rxf5 Rb1+ 51. Kg2 Ne1+ 52. Kh3 Rb6 53. Rf7+ Kd8 54. Bxe4 Rh6+ 55. Kg4 Rxh2 56. Kg5 1-0

[Event "FRA-chT2 0304"]
[Site "France"]
[Date "2004.04.04"]
[Round "11"]
[White "Simon, Leopold"]
[Black "Chevaldonnet, Francois"]
[Result "1/2-1/2"]
[WhiteElo "2097"]
[BlackElo "2286"]
[PlyCount "178"]
[EventDate "2003.10.??"]
[EventType "team"]
[EventRounds "11"]
[EventCountry "FRA"]
[SourceTitle "EXT 2005"]
[Source "ChessBase"]
[SourceDate "2004.11.15"]
[SourceVersion "1"]
[SourceVersionDate "2004.11.15"]
[SourceQuality "1"]

1. d4 Nf6 2. Nf3 g6 3. e3 Bg7 4. b3 0-0 5. Bb2 d6 6. Be2 Nbd7 7. 0-0 e5 8. c4 Re8 9. dxe5 Ng4 10. Nc3 Ngxe5 11. Nd4 Nc5 12. Qd2 Bd7 13. Rad1 Ne6 14. Nd5 Nxd4 15. exd4 Ng4 16. Bxg4 Bxg4 17. Rde1 Qd7 18. f3 Be6 19. Ne3 d5 20. c5 c6 21. Nd1 Re7 22. Re2 Rae8 23. Rfe1 Bf5 24. Rxe7 Rxe7 25. Rxe7 Qxe7 26. Qe3 Qd8 27. b4 Kf8 28. Kf2 Qc7 29. g3 h5 30. Qa3 a6 31. Ne3 Bc8 32. Qd3 b5 33. Bc3 Qe7 34. Ng2 Qf6 35. a3 Bf5 36. Qd1 Bh6 37. Qe2 Be4 38. Ne1 Bf5 39. Ng2 Bg4 40. Ne1 Bd7 41. Nd3 h4 42. Qe5 hxg3+ 43. hxg3 Qxe5 44. Nxe5 Be8 45. Bb2 Ke7 46. Ke2 Bg5 47. Nd3 Bf6 48. Ne5 Ke6 49. Ke3 Bg5+ 50. Ke2 Bd8 51. Bc3 Bc7 52. Kf2 f6 53. Nd3 g5 54. Bd2 Bg6 55. Nc1 Bc2 56. Ne2 Bd1 57. Nc3 Bb3 58. Ne2 Bc4 59. Nc3 a5 60. Nd1 a4 61. Nb2 Bb3 62. Nd3 Bc2 63. Nc1 Kf5 64. g4+ Kg6 65. Ne2 f5 66. Be3 Bd8 67. Kg2 Bf6 68. Bf2 Bd3 69. Ng3 Bd8 70. Be1 Bc7 71. Bd2 Bb8 72. Nf1 fxg4 73. fxg4 Be2 74. Ne3 Bf4 75. Kf2 Bxe3+ 76. Kxe3 Bxg4 77. Be1 Kf5 78. Bg3 Bd1 79. Be5 Kg4 80. Kf2 Bc2 81. Bc7 Kh4 82. Bg3+ Kg4 83. Be5 Bd1 84. Bd6 Kf5 85. Ke3 Kg6 86. Kf2 Kf5 87. Ke3 Kg4 88. Kf2 Bf3 89. Be5 Be4 1/2-1/2

[Event "Vandoeuvre op"]
[Site "Vandoeuvre"]
[Date "2004.??.??"]
[Round "2"]
[White "Simon, Leopold"]
[Black "Azzam, Ameziane"]
[Result "1/2-1/2"]
[WhiteElo "2114"]
[BlackElo "1948"]
[PlyCount "40"]
[EventDate "2004.12.26"]
[EventType "swiss"]
[EventRounds "9"]
[EventCountry "FRA"]
[SourceTitle "CBM 104 Extra"]
[Source "ChessBase"]
[SourceDate "2005.03.01"]
[SourceVersion "1"]
[SourceVersionDate "2005.03.01"]
[SourceQuality "1"]

1. d4 f5 2. g3 Nf6 3. Bg2 g6 4. Nf3 Bg7 5. 0-0 0-0 6. Nbd2 d6 7. Re1 c6 8. c4 Qe8 9. b3 e5 10. dxe5 dxe5 11. e3 c5 12. Bb2 e4 13. Ng5 h6 14. Nh3 Nc6 15. Nf1 Ne5 16. Nf4 Nfd7 17. Re2 g5 18. Qd5+ Qf7 19. Qxf7+ Kxf7 20. Nd5 Rb8 1/2-1/2

[Event "Vandoeuvre op"]
[Site "Vandoeuvre"]
[Date "2004.??.??"]
[Round "8"]
[White "Simon, Leopold"]
[Black "Simon, Edouard"]
[Result "1-0"]
[WhiteElo "2114"]
[BlackElo "2001"]
[PlyCount "73"]
[EventDate "2004.12.26"]
[EventType "swiss"]
[EventRounds "9"]
[EventCountry "FRA"]
[SourceTitle "CBM 104 Extra"]
[Source "ChessBase"]
[SourceDate "2005.03.01"]
[SourceVersion "1"]
[SourceVersionDate "2005.03.01"]
[SourceQuality "1"]

1. Nf3 d6 2. g3 g6 3. d4 Bg7 4. Bg2 f5 5. 0-0 Nf6 6. Nbd2 0-0 7. Re1 Nc6 8. c3 e5 9. e4 fxe4 10. Nxe4 Nxe4 11. Rxe4 d5 12. Rh4 e4 13. Bg5 Qe8 14. Nd2 Ne7 15. Qb3 Nf5 16. Rxe4 Qf7 17. Re2 c6 18. Nf3 h6 19. Bf4 g5 20. Be5 g4 21. Nd2 Bxe5 22. dxe5 Be6 23. Qb4 h5 24. Nb3 b6 25. Nd4 c5 26. Nxf5 Qxf5 27. Qa4 Rf7 28. Rd1 Rd8 29. Qc2 Qg5 30. Qd2 Qf5 31. Be4 dxe4 32. Qxd8+ Rf8 33. Qd2 Qxe5 34. b3 Rf3 35. Qd6 Qf5 36. Qe7 Bd5 37. Qd8+ 1-0

[Event "FRA-chT2 0304"]
[Site "France"]
[Date "2003.12.07"]
[Round "4"]
[White "Gitzinger, Gregory"]
[Black "Simon, Leopold"]
[Result "0-1"]
[WhiteElo "2235"]
[BlackElo "2084"]
[PlyCount "62"]
[EventDate "2003.10.??"]
[EventType "team"]
[EventRounds "11"]
[EventCountry "FRA"]
[SourceTitle "EXT 2005"]
[Source "ChessBase"]
[SourceDate "2004.11.15"]
[SourceVersion "1"]
[SourceVersionDate "2004.11.15"]
[SourceQuality "1"]

1. e4 e6 2. d4 d5 3. Nc3 Nf6 4. Bg5 Be7 5. e5 Nfd7 6. Bxe7 Qxe7 7. f4 a6 8. Nf3 c5 9. dxc5 Nc6 10. Bd3 Qxc5 11. g3 b5 12. Qe2 Bb7 13. h3 Nb4 14. f5 0-0-0 15. fxe6 fxe6 16. a3 Nc6 17. a4 b4 18. Na2 a5 19. c3 Kb8 20. Bb5 Rhf8 21. Rf1 Rf5 22. Kd1 Ndxe5 23. cxb4 axb4 24. Rc1 Qd6 25. g4 Rxf3 26. Rxf3 Nxf3 27. Qxf3 Rf8 28. Qd3 Ne5 29. Qd2 b3 30. Nc3 d4 31. Be2 Qd7 0-1

[Event "FRA-chT2O 0203"]
[Site "France"]
[Date "2003.02.02"]
[Round "7.6"]
[White "Schlupp, Olivier"]
[Black "Simon, Leopold"]
[Result "0-1"]
[WhiteElo "2142"]
[BlackElo "2170"]
[PlyCount "117"]
[EventDate "2002.10.??"]
[EventType "team"]
[EventRounds "11"]
[EventCountry "FRA"]
[SourceTitle "EXT 2004"]
[Source "ChessBase"]
[SourceDate "2003.11.25"]
[SourceVersion "1"]
[SourceVersionDate "2003.11.25"]
[SourceQuality "1"]
[WhiteTeam "Saverne"]
[BlackTeam "Epinal"]
[WhiteTeamCountry "FRA"]
[BlackTeamCountry "FRA"]

1. e4 e6 2. Nf3 d5 3. e5 c5 4. b4 b6 5. c3 Bd7 6. b5 a6 7. Na3 axb5 8. Nxb5 c4 9. Nbd4 Ba4 10. Qe2 Nc6 11. Nxc6 Bxc6 12. Nd4 Qc7 13. g3 Bc5 14. Qh5 Bxd4 15. cxd4 Ne7 16. Bh3 0-0 17. Bb2 b5 18. a3 Ra4 19. 0-0 Rfa8 20. Bg4 b4 21. axb4 Rxb4 22. Rxa8+ Bxa8 23. Ba3 Rb6 24. Bc5 Rb5 25. Bd6 Qd7 26. Ra1 Bc6 27. Bc5 Rb8 28. Bd1 Ra8 29. Rb1 Ng6 30. Bc2 Ba4 31. Ra1 Qe8 32. Bb1 Bb3 33. Ba3 Ra4 34. Bb2 Rxa1 35. Bxa1 Qa4 36. Bc3 Bd1 37. Qh3 Be2 38. f4 Qd1+ 39. Kf2 Qxb1 40. Kxe2 Qd3+ 41. Ke1 Nxf4 42. Qf1 Qb1+ 43. Kf2 Nd3+ 44. Kg2 Qxf1+ 45. Kxf1 Kf8 46. Ba5 Ke7 47. Bc7 f6 48. Bd6+ Kf7 49. Ke2 Kg6 50. g4 f5 51. Kf3 h5 52. h3 fxg4+ 53. hxg4 Ne1+ 54. Ke2 Nc2 55. gxh5+ Kxh5 56. Bf8 Nxd4+ 57. Ke3 Nc2+ 58. Ke2 g6 59. Bc5 0-1

[Event "FRA-chT2O 0203"]
[Site "France"]
[Date "2002.12.08"]
[Round "4.6"]
[White "Mourot, Felix"]
[Black "Simon, Leopold"]
[Result "1/2-1/2"]
[WhiteElo "2057"]
[BlackElo "2170"]
[PlyCount "59"]
[EventDate "2002.10.??"]
[EventType "team"]
[EventRounds "11"]
[EventCountry "FRA"]
[SourceTitle "EXT 2004"]
[Source "ChessBase"]
[SourceDate "2003.11.25"]
[SourceVersion "1"]
[SourceVersionDate "2003.11.25"]
[SourceQuality "1"]
[WhiteTeam "Nancy II"]
[BlackTeam "Epinal"]
[WhiteTeamCountry "FRA"]
[BlackTeamCountry "FRA"]

1. d4 d5 2. c4 e6 3. Nc3 Nf6 4. Bg5 Be7 5. cxd5 Nxd5 6. Bxe7 Qxe7 7. Nf3 0-0 8. e3 Nxc3 9. bxc3 b6 10. a4 Nd7 11. Bd3 Bb7 12. Qc2 h6 13. 0-0 c5 14. a5 Rfc8 15. Qb2 cxd4 16. cxd4 Qd6 17. Rfd1 Rab8 18. axb6 Bxf3 19. gxf3 axb6 20. f4 Nf6 21. Qe2 Ra8 22. Ba6 Rc7 23. Qf3 Rca7 24. Bb7 Rxa1 25. Bxa8 Rxd1+ 26. Qxd1 g5 27. fxg5 hxg5 28. Qf3 Kg7 29. Qg2 Kh6 30. Qf3 1/2-1/2

[Event "FRA-chT2O 0203"]
[Site "France"]
[Date "2002.11.16"]
[Round "2.5"]
[White "Partos, Charles"]
[Black "Simon, Leopold"]
[Result "1/2-1/2"]
[WhiteElo "2387"]
[BlackElo "2170"]
[PlyCount "148"]
[EventDate "2002.10.??"]
[EventType "team"]
[EventRounds "11"]
[EventCountry "FRA"]
[SourceTitle "EXT 2004"]
[Source "ChessBase"]
[SourceDate "2003.11.25"]
[SourceVersion "1"]
[SourceVersionDate "2003.11.25"]
[SourceQuality "1"]
[WhiteTeam "Mulhouse Philidor II"]
[BlackTeam "Epinal"]
[WhiteTeamCountry "FRA"]
[BlackTeamCountry "FRA"]

1. d4 d5 2. c4 e6 3. Nc3 Nf6 4. Nf3 Nc6 5. e3 Bb4 6. Bd2 0-0 7. a3 Bxc3 8. Bxc3 Ne4 9. Qc2 Nxc3 10. Qxc3 Ne7 11. Rc1 c6 12. Bd3 f5 13. Ne5 Rf6 14. g3 Ng6 15. Nxg6 Rxg6 16. 0-0 Qd6 17. Qc2 Rf6 18. f4 Bd7 19. b4 Rc8 20. Rf2 Rff8 21. c5 Qe7 22. g4 Qh4 23. g5 Qh5 24. Rg2 Be8 25. a4 a6 26. Be2 Qf7 27. Rb1 Qc7 28. Qc3 Ra8 29. Bd3 Bh5 30. Kf2 Rfb8 31. Kg3 Be8 32. Rgb2 h5 33. b5 axb5 34. axb5 Kh7 35. Qb4 Rc8 36. Kh4 g6 37. Qc3 Rcb8 38. Kg3 Kg8 39. Rb3 Kf8 40. Ra3 Qc8 41. bxc6 Rxa3 42. Qxa3 bxc6 43. Rb6 Qc7 44. Qb4 Ra8 45. Rb7 Qa5 46. Qxa5 Rxa5 47. Kf3 Ra2 48. h4 Ra3 49. Ke2 Ra2+ 50. Kf3 Ra3 51. Be2 Ra1 52. Rc7 Ra3 53. Bd1 Ra2 54. Bb3 Ra3 55. Rb7 Ra1 56. Ke2 Ra8 57. Kd2 Ra1 58. Rc7 Ra6 59. Kc3 Ra1 60. Kd2 Ra6 61. Rb7 Ra1 62. Bd1 Ra3 63. Bc2 Ra1 64. Bb1 Ra3 65. Rb6 Ke7 66. Rb8 Ra7 67. Kc3 Ra3+ 68. Rb3 Rxb3+ 69. Kxb3 Kd7 70. Bd3 Kc7 71. Kb4 Kb7 72. Ka5 Kc7 73. Ka6 Bd7 74. Ka7 Be8 1/2-1/2

[Event "FRA-chT2"]
[Site "France"]
[Date "2002.03.??"]
[Round "9"]
[White "Blanchard, Paul"]
[Black "Simon, Leopold"]
[Result "0-1"]
[WhiteElo "1480"]
[BlackElo "1980"]
[PlyCount "126"]
[EventDate "2002.??.??"]
[EventType "team"]
[EventRounds "11"]
[EventCountry "FRA"]
[SourceTitle "EXT 2003"]
[Source "ChessBase"]
[SourceDate "2002.11.25"]
[SourceVersion "1"]
[SourceVersionDate "2002.11.25"]
[SourceQuality "1"]

1. d4 d5 2. c4 e6 3. Nc3 Nf6 4. Bg5 Be7 5. e3 h6 6. Bh4 0-0 7. Nf3 b6 8. Rc1 Bb7 9. cxd5 Nxd5 10. Bxe7 Qxe7 11. Nxd5 Bxd5 12. a3 Nd7 13. Qc2 c5 14. Bd3 Rfc8 15. 0-0 Bb7 16. Qe2 Qf6 17. Ba6 Rab8 18. Rfd1 Rd8 19. Bxb7 Rxb7 20. d5 Ne5 21. Nxe5 Qxe5 22. dxe6 Rxd1+ 23. Rxd1 Qxe6 24. Qd3 Qe7 25. Kf1 Qe5 26. Qd5 Qxd5 27. Rxd5 Kf8 28. Ke2 Ke7 29. e4 Rc7 30. f4 Rc6 31. Ke3 Rg6 32. g3 a6 33. e5 Rc6 34. f5 b5 35. Kd2 h5 36. h3 g6 37. g4 hxg4 38. hxg4 gxf5 39. gxf5 c4 40. Kc3 Rh6 41. a4 Rh3+ 42. Kc2 b4 43. Rc5 b3+ 44. Kc1 Rh1+ 45. Kd2 Rh2+ 46. Kc1 Rc2+ 47. Kb1 Kd7 48. Ra5 Rf2 49. e6+ fxe6 50. fxe6+ Kxe6 51. Rxa6+ Kd5 52. Kc1 Rc2+ 53. Kb1 Kc5 54. Ra8 Kb4 55. a5 Rh2 56. Kc1 c3 57. bxc3+ Ka3 58. Rb8 b2+ 59. Kb1 Rh1+ 60. Kc2 Rc1+ 61. Kd3 b1Q+ 62. Rxb1 Rxb1 63. Kc4 Ka4 0-1

[Event "FRA-chT2"]
[Site "France"]
[Date "2002.03.??"]
[Round "11"]
[White "Simon, Leopold"]
[Black "Tisserand, Jean Pierre"]
[Result "1/2-1/2"]
[WhiteElo "1980"]
[BlackElo "1920"]
[PlyCount "60"]
[EventDate "2002.??.??"]
[EventType "team"]
[EventRounds "11"]
[EventCountry "FRA"]
[SourceTitle "EXT 2003"]
[Source "ChessBase"]
[SourceDate "2002.11.25"]
[SourceVersion "1"]
[SourceVersionDate "2002.11.25"]
[SourceQuality "1"]

1. d4 g6 2. c4 Bg7 3. Nf3 d6 4. Nc3 Bg4 5. e3 Nc6 6. Be2 e5 7. h3 Bxf3 8. Bxf3 Nge7 9. dxe5 dxe5 10. 0-0 0-0 11. Nd5 Rb8 12. Bd2 Re8 13. Bc3 Nf5 14. Qc2 Nd6 15. b3 Ne7 16. Rad1 c6 17. Nxe7+ Qxe7 18. Rd2 Rbd8 19. Rfd1 Qc7 20. Bb4 Nc8 21. Rxd8 Rxd8 22. Rxd8+ Qxd8 23. Qd2 Qxd2 24. Bxd2 Kf8 25. b4 Ke8 26. Bc3 Kd7 27. Bg4+ Kc7 28. f4 f6 29. Kf2 Nd6 30. Bf3 Nxc4 1/2-1/2

[Event "FRA-ch U16"]
[Site "Hyeres"]
[Date "2002.??.??"]
[Round "1.3"]
[White "Beudaert, Xavier"]
[Black "Simon, Leopold"]
[Result "1-0"]
[WhiteElo "2209"]
[BlackElo "1980"]
[PlyCount "27"]
[EventDate "2002.04.05"]
[EventType "swiss"]
[EventRounds "9"]
[EventCountry "FRA"]
[SourceTitle "EXT 2003"]
[Source "ChessBase"]
[SourceDate "2002.11.25"]
[SourceVersion "1"]
[SourceVersionDate "2002.11.25"]
[SourceQuality "1"]

1. e4 e6 2. Nf3 d5 3. e5 c5 4. c3 Nc6 5. d4 Bd7 6. Be2 Nge7 7. 0-0 cxd4 8. cxd4 Nf5 9. Na3 Be7 10. Nc2 Qb6 11. Qd3 h6 12. b3 Nb4 13. Nxb4 Bxb4 14. g4 1-0